Văn học phê bình Phê bình văn học
Guardado en:
| Autor principal: | |
|---|---|
| Formato: | Libro |
| Publicado: |
H.
Tác phẩm mới. Hội nhà văn Việt Nam
1984
|
| Materias: | |
| Etiquetas: |
Agregar Etiqueta
Sin Etiquetas, Sea el primero en etiquetar este registro!
|
| Thư viện lưu trữ: | Trung tâm Học liệu Lê Vũ Hùng, Trường Đại học Đồng Tháp |
|---|
| LEADER | 00724pam a22002178a 4500 | ||
|---|---|---|---|
| 001 | 00018422 | ||
| 005 | 20171026081022.0 | ||
| 008 | 110426s1984 ||||||Viesd | ||
| 041 | 0 | # | |a Vie |
| 082 | 1 | 4 | |a 809 |b V115H |
| 100 | 0 | # | |a Lại Nguyên Ân |
| 245 | 0 | 0 | |a Văn học phê bình |b Phê bình văn học |c Lại Nguyên Ân |
| 260 | # | # | |a H. |b Tác phẩm mới. Hội nhà văn Việt Nam |c 1984 |
| 300 | # | # | |a 235tr. |c 19cm. |
| 650 | # | 4 | |a Phê bình văn học |
| 650 | # | 4 | |a Việt Nam |
| 653 | # | # | |a Văn học hiện đại |
| 852 | # | # | |b Kho đọc |j KD.0003744 |
| 852 | # | # | |j KD.0003744 |
| 910 | |d 26/04/2011 | ||
| 980 | # | # | |a Trung tâm Học liệu Lê Vũ Hùng, Trường Đại học Đồng Tháp |